1198 1178 1498 1983 1462 1230 1433 1113 1361 1775 1192 1722 1045 1232 1821 1377 1662 1572 1999 1841 1527 1939 1752 1646 1878 1899 1436 1414 1064 1936 1713 1904 1869 1534 1030 1327 1446 1517 1319 1310 1583 1266 1829 1501 1326 1779 1751 1413 1158 1486 1321 1745 1080 1965 1424 1595 1485 1026 1541 1207 1966 1906 1669 1335 1265 1015 1635 1354 1022 1114 1594 1454 1570 1393 1008 1978 1587 1691 1201 1082 1848 1053 1859 1197 1726 1327 1020 1399 1261 1702 1392 1245 1562 1234 1962 1231 1415 1292 1692 BCNSPRNW ULIB Ver.6.0+V

เปลี่ยนเป็นภาษาไทย

Change to English
 แสดงรายละเอียดบรรณานุกรม
  กลับหน้าหลัก

Brief Record : Get Marc (ISO 2709) : E-mail record : QR code < ปิดหน้าต่าง
LEADER : 00000nam 2200000uu 4500
001    13399114272
003     ULIB
008    110921s||||||||th 000 0 tha d
020    9786161105877
060 04 W225.JT3^bส691ค
110 1  สำนักงานพัฒนานโยบายสุขภาพระหว่างประเทศ
245 10 โครงการศึกษาเพื่อพัฒนาชุดสิทธิประโยชน์ภายใต้ระบบหลักประกันสุขภาพถ้วนหน้า ฉบับที่ 1/^cสำนักงานพัฒนานโยบายสุขภาพระหว่างประเทศ
260    นนทบุรี :^bสำนักงานพัฒนานโยบายสุขภาพระหว่างประเทศ,^c2554
300    284 หน้า :^bตาราง
650  7 หลักประกันสุขภาพ
710 2  โครงการประเมินเทคโนโลยีและนโยบายด้านสุขภาพ
945    ^p0^l0^i031259
995    ทศพร
999 ^a ใช้งานได้ทุกระบบ
รายการนี้ยังไม่มีแท็ก
คุณยังไม่ได้ล็อกอิน คุณสามารถมีกิจกรรมร่วมกับเว็บไซต์ได้ แต่ต้องล็อกอินก่อน ::
  ล็อกอิน

รายการสื่อสารสนเทศ

ลำดับที่ ประเภท เลขเรียก/บาร์โค้ด สถานที่ สถานะ
1. วิทยาศาสตร์การแพทย์ และสุขภาพ
วิทยาศาสตร์การแพทย์ และสุขภาพ
W225.JT3 ส691ค ฉ.1 
  Barcode: 031259
ห้องสมุดวิทยาเขตสวรรค์ประชารักษ์
►ส่วนจัดเก็บหนังสือเก่า สปร
บนชั้น
  ขอยืม

รายการใกล้เคียง
    หัวเรื่อง [หลักประกันสุขภาพ]

BibComment


ยังไม่เคยถูกคอมเมนท์

คอมเมนท์ทรัพยากรรายการนี้
  คอมเมนท์: โครงการศึกษาเพื่อ..


 Copyright 2026. Bcnsprnw @Library